| 000 | 00000nas 2200000za 4500 |
| 001 | 9.500533 |
| 003 | CaOODSP |
| 005 | 20221107132859 |
| 007 | cr ||||||||||| |
| 008 | 150406c19969999onc|| p o||||f0 a0eng|d |
| 022 | |a1498-5772 |
| 040 | |aCaOODSP|beng |
| 041 | |aeng|afre |
| 043 | |an-cn--- |
| 086 | 1 |aYC13-PDF |
| 110 | 1 |aCanada. |bParliament. |bSenate. |bStanding Committee on National Finance. |
| 210 | 0 |aProc. Standing Senate Comm. Natl. Finance |b(Online) |
| 222 | 0|aProceedings of the Standing Senate Committee on National Finance |b(Online) |
| 240 | 10|aProceedings of the Standing Senate Committee on National Finance (Online) |
| 245 | 10|aProceedings of the Standing Senate Committee on National Finance |h[electronic resource] = |bDélibérations du Comité sénatorial permanent des finances nationales. |
| 246 | 11|aDélibérations du Comité sénatorial permanent des finances nationales |
| 246 | 13|aNational Finance, committee proceedings |
| 260 | |a[Ottawa] : |bParliament of Canada, Senate, |c[1996]- |
| 310 | |aIrregular |
| 362 | 1 |a35th Parliament, 2nd session, issue no. 1 (Mar. 20/21, 1996) -- |
| 515 | |aNumbering begins each session with issue no. 1. |
| 530 | |aIssued also in print version. |
| 546 | |aText in English and French side by side. |
| 792 | |tProceedings of the Standing Senate Committee on National Finance |efre|w(CaOODSP)9.500534 |